| 000 | 00350nam a2200133Ia 4500 | ||
|---|---|---|---|
| 008 | 230922s1999 xx 000 0 und d | ||
| 020 | _a9241545372 | ||
| 041 | _aeng | ||
| 082 |
_a615.321 _bWHO |
||
| 100 | _aWHO | ||
| 245 | _aWho Monographs on selected medicinal plants, Vol-2 | ||
| 260 |
_bWorld Health Organization, Geneva _c1999 |
||
| 300 | _a356p | ||
| 999 |
_c876970 _d876970 |
||